00430 a2200121 4500001001000000005001700010008004100027245005600068100002000124700003700144773011000181999001700291ART_4276620260410161737.0260409a 10aEl gobierno apuesta a la reactivación económica1 aBotana, Natalio1 aRodríguez Giavarini, Adalberto0 tEjecutivos de finanzasgNecesidad de reconversión de las Pymes - Año 13, Nº 133 (mar. 1997)wREV2863 c18412d18412